000
00394nam a2200157Ia 4500
008
100204s9999 xx 000 0 und d
082
_b
27682
100
_a
कलकर्णी जयश्री
245
_a
विषवल्ली
250
_a
0
260
_c
2007
300
_a
145
630
_a
विषवल्ली
730
_a
विषवल्ली
942
_c
BOOK
999
_c
472862
_d
472859